Niederländische Überseegebiete - Statistiken

Allgemein
  • Dieses Quiz wurde 51 mal gespielt
  • Das Durchschnittsergebnis liegt bei 4 aus 6
Antwortstatistiken
Status Antwort % Korrekt
Land innerhalb des Königreichs der Niederlande Curaçao
95%
Land innerhalb des Königreichs der Niederlande Aruba
90%
Besondere Gemeinde Bonaire
90%
Land innerhalb des Königreichs der Niederlande Sint Maarten
73%
Besondere Gemeinde Saba
54%
Besondere Gemeinde Sint Eustatius
46%
Keine übereinstimmenden Quizze gefunden
Verteilung der Resultate
Anzahl Personen mit jedem Resultat
Perzentil nach korrekt beantworteten Fragen
Ihre Resultats-Entwicklung
Sie haben dieses Quiz noch nicht gespielt